000 nam a22 7a 4500
999 _c8882
_d8882
008 180120b ||||| |||| 00| 0 eng d
100 _aNCERT
_95200
245 _aScience
260 _aNew Delhi
_bNCERT
_c2007